000 00452nam a2200157 i 4500
001 66272
003 ES-MaACL
005 20230906165602.0
007 t|
008 040130s1973 sp ||||1| spa d
100 1 _aGaldeano, Javier G.
_953352
245 1 0 _aSanta MarĂ­a de nuestros caminos
_b: celebraciones marianas /
_cJavier G. Galdeano.
260 _aMadrid :
_bPS,
_c[1973]
300 _a214 p. ;
_c21 cm.
852 _aES-MaACL
_jC-52930
_bR.86131
999 _c66272
_d66272